ბათუმის შოთა რუსთაველის სახელმწიფო უნივერსიტეტის ბიბლიოთეკა

Монтаж шаровых резервуаров. (ბიბ.ჩანაწერი № 36975)

000 -LEADER
fixed length control field 00584nam a2200205Ia 4500
001 - CONTROL NUMBER
control field 2927
003 - CONTROL NUMBER IDENTIFIER
control field GE_BSU
008 - FIXED-LENGTH DATA ELEMENTS--GENERAL INFORMATION
fixed length control field 181216s||||||||xx |||||||||||||| ||und||
040 ## - CATALOGING SOURCE
Transcribing agency GE_BSU
080 ## - UNIVERSAL DECIMAL CLASSIFICATION NUMBER
Universal Decimal Classification number 624.953
100 ## - MAIN ENTRY--PERSONAL NAME
Personal name Свиридова,Т.А. Привалов,Ю.А.
245 ## - TITLE STATEMENT
Title Монтаж шаровых резервуаров.
245 ## - TITLE STATEMENT
Statement of responsibility, etc. Ред. Л.А.Кашани.
260 ## - PUBLICATION, DISTRIBUTION, ETC.
Place of publication, distribution, etc. М.
260 ## - PUBLICATION, DISTRIBUTION, ETC.
Name of publisher, distributor, etc. Стройиздат.
260 ## - PUBLICATION, DISTRIBUTION, ETC.
Date of publication, distribution, etc. 1980.
300 ## - PHYSICAL DESCRIPTION
Extent 197 стр. с илл. 20 см.
653 ## - INDEX TERM--UNCONTROLLED
Uncontrolled term Монтаж шаровых резервуаров.
942 ## - ADDED ENTRY ELEMENTS (KOHA)
Koha item type წიგნი
ეგზემპლარები
Withdrawn status Lost status Damaged status Not for loan Date acquired Barcode Date last seen Price effective from Koha item type
        2018-12-17 9388 2018-12-17 2018-12-17 წიგნი